00841nam a22002055i 4500001000700000003000900007005001700016008004100033080002500074100004000099245011900139260007200258300005400330490003800384504002800422600004000450710004200490830003800532852006500570175984ES-MaACL20231226161528.0101203s2009 sp a |||| | spa d a929 Martos, Cristino1 aSánchez-Palencia Mancebo, Isabel.10aCristino Martos Balbí b: Ministro de España : sus raíces toledanas / c[Isabel Sánchez-Palencia Mancebo]. aMazarambroz (Toledo) : bAyuntamiento de Mazarambroz, cD. L. 2009. a38 p. (algunas pleg.) : bil. bl. y n. ; c21 cm.1 aAyuntamiento de Mazarambroz ; v1 aBbibliografía: p. 38.17aMartos, Cristino,d1830-18932embne1 aMazarambroz (Toledo). bAyuntamiento.0 aAyuntamiento de Mazarambroz ; v1 aES-MaACLj2272-F-6 z.- Dedicatoria autógrafa de la autora